El concepto de número
Gespeichert in:
| 1. Verfasser: | |
|---|---|
| Format: | Buch |
| Sprache: | Spanisch |
| Veröffentlicht: |
Washington, D.C
OEA
1973
|
| Ausgabe: | 2a. ed |
| Schriftenreihe: | Serie de matemática, monografía, 7
|
| Schlagworte: | |
| Tags: |
Tag hinzufügen
Keine Tags, Fügen Sie den ersten Tag hinzu!
|
MARC
| LEADER | 00000nam a2200000 a 4500 | ||
|---|---|---|---|
| 001 | UCV8055 | ||
| 003 | CL-VaPUC | ||
| 008 | 900427e19730000US |||||||||||||||||spa|d | ||
| 082 | 0 | 4 | |a 512.7 |b TRE |2 21 |
| 100 | 0 | |a Trejo, César A |e author |9 302137 | |
| 245 | 1 | 3 | |a El concepto de número |
| 250 | |a 2a. ed | ||
| 300 | |a 122 p | ||
| 942 | |c BK | ||
| 945 | |d 19900427 00:00:00 | ||
| 260 | |a Washington, D.C |b OEA |c 1973 | ||
| 650 | 0 | |a Números |9 265328 | |
| 650 | 0 | |a Teoría de números |9 265327 | |
| 583 | |a last modification |c 20180314 14:48:53 |k Rodrigo Vera | ||
| 490 | 0 | |a Serie de matemática, monografía, 7 | |
| 999 | |c 213640 |d 213638 | ||
| 952 | |0 0 |1 0 |4 0 |6 512_700000000000000_TRE_1973 |7 0 |8 A |9 196207 |a BIBMAT |b BIBMAT |c E_DIDACT |d 2019-11-14 |i 1303449 |o 512.7 TRE 1973 |p 1303449 |r 2025-01-07 |w 2019-11-14 |y BK |k MAT | ||
| 952 | |0 0 |1 0 |4 0 |6 512_700000000000000_TRE_1973 |7 0 |8 A |9 196208 |a BIBMAT |b BIBMAT |c E_DIDACT |d 2019-11-14 |i 130349K |o 512.7 TRE 1973 |p 130349K |r 2025-01-07 |w 2019-11-14 |y BK |k MAT | ||
| 952 | |0 0 |1 0 |4 0 |6 512_700000000000000_TRE_1973 |7 0 |8 A |9 196209 |a BIBMAT |b BIBMAT |c E_DIDACT |d 2019-11-14 |i 1303597 |o 512.7 TRE 1973 |p 1303597 |r 2025-01-07 |w 2019-11-14 |y BK |k MAT | ||
| 952 | |0 0 |1 0 |4 0 |6 512_700000000000000_TRE_1973 |7 0 |8 A |9 196210 |a BIBMAT |b BIBMAT |d 2019-11-14 |i 1303546 |o 512.7 TRE 1973 |p 1303546 |r 2025-01-07 |w 2019-11-14 |y BK |k MAT | ||